000 00504nam a2200145 4500
999 _c7708
_d7708
008 171109b xxu||||| |||| 00| 0 eng d
022 _a01181831
082 _aDPer 613.05 H34 Jul-Nov 2013
100 _923182
_aGregori, Alexandra.
245 _aFood as medicine:
_bfind comfort and cure in the culinary traditions of Korea/
_cAlexandra Gregori.
260 _aPhilippines:
_bMIMS Pte Ltd KDN,
_c©2013.
300 _apages 34-37:
_billustrations;
_c28 cm.
650 0 _923183
_aFood.
942 _2ddc
_cPER